000 00505nam a22002057a 4500
005 20150330054342.0
008 150330b xxu||||| |||| 00| 0 eng d
020 _a9780078651069
041 0 _aeng
080 _a514
245 _aGeometry
_cBoyd, Cindy J.
300 _a(902)
_bme il.;
_c29 cm
505 _aIndex: f. R79 - R92
650 _aGjeomteri
710 1 _aCummins Jerry,
710 1 _aMalloy, Caroll. Ph.D,
710 1 _aCarter John,
710 1 _aFlores, Alfinoi, Ph.D.
942 _2udc
_cBK
999 _c591
_d591